Unofficial/Disputed USA,British,and French monarchs - Statistics

General Stats
  • This quiz has been taken 9 times
  • The average score is 4 of 17
Answer Stats
Hint Answer % Correct
1141 Matilda
60%
1216-1217 Louis
40%
1814,1815 Napoleon II
40%
1653-1658 Oliver Cromwell
40%
1589-1590 Charles X
20%
1066 Edgar
20%
1422-1453 Henry II
20%
1830 Henry V
20%
1017-1025 Hughes
20%
1553 Lady Jane Gray
20%
1848 Louis Philippe II
20%
1793-1795 Louis XVII
20%
1859-1880 Norton I
20%
1658-1659 Richard Cromwell
20%
924 AElfweard
0%
1830 Louis XIX
0%
1129-1131 Philippe
0%
No matching quizzes found
Score Distribution
Percent of People with Each Score
Percentile by Number Answered
Your Score History
You have not taken this quiz